<?xml version="1.0" encoding="UTF-8"?>
<collection xmlns="http://www.loc.gov/MARC21/slim">
 <record>
  <leader>00985nam a22002177a 4500</leader>
  <controlfield tag="001">NCT_79579</controlfield>
  <controlfield tag="008">200509b        xxu||||| |||| 00| 0 vie d</controlfield>
  <datafield tag="999" ind1=" " ind2=" ">
   <subfield code="c">3892</subfield>
   <subfield code="d">3892</subfield>
  </datafield>
  <datafield tag="020" ind1=" " ind2=" ">
   <subfield code="a">0133737969</subfield>
  </datafield>
  <datafield tag="082" ind1="0" ind2="4">
   <subfield code="2">23rd ed.</subfield>
   <subfield code="a">330</subfield>
   <subfield code="b">C711</subfield>
  </datafield>
  <datafield tag="100" ind1="1" ind2=" ">
   <subfield code="a">Collinge, Robert A</subfield>
  </datafield>
  <datafield tag="245" ind1="1" ind2="0">
   <subfield code="a">Economics by design :</subfield>
   <subfield code="b">principles and issues</subfield>
   <subfield code="c">Robert A. Collinge, Ronald M. Ayers</subfield>
  </datafield>
  <datafield tag="260" ind1=" " ind2=" ">
   <subfield code="a">Upper Saddle River, N.J.</subfield>
   <subfield code="b">Prentice Hall </subfield>
   <subfield code="c">1997</subfield>
  </datafield>
  <datafield tag="300" ind1=" " ind2=" ">
   <subfield code="a">ii, 296 p.</subfield>
   <subfield code="b">ill.</subfield>
   <subfield code="c">28cm</subfield>
  </datafield>
  <datafield tag="504" ind1=" " ind2=" ">
   <subfield code="a">Includes bibliographical references and index.</subfield>
  </datafield>
  <datafield tag="520" ind1="3" ind2=" ">
   <subfield code="a">Contents: the economic journey; the power of prices; the energy of the marketplace; probing the public sector; aggregates for the big picture; the journey continues.</subfield>
  </datafield>
  <datafield tag="653" ind1=" " ind2=" ">
   <subfield code="a">Quản trị kinh doanh</subfield>
  </datafield>
  <datafield tag="700" ind1="1" ind2=" ">
   <subfield code="a">Ayers, Ronald M. </subfield>
  </datafield>
  <datafield tag="942" ind1=" " ind2=" ">
   <subfield code="2">ddc</subfield>
   <subfield code="c">BK</subfield>
  </datafield>
  <datafield tag="952" ind1=" " ind2=" ">
   <subfield code="0">0</subfield>
   <subfield code="1">0</subfield>
   <subfield code="2">ddc</subfield>
   <subfield code="4">0</subfield>
   <subfield code="6">330_000000000000000_C711</subfield>
   <subfield code="7">0</subfield>
   <subfield code="9">19522</subfield>
   <subfield code="a">000001</subfield>
   <subfield code="b">000001</subfield>
   <subfield code="d">2020-05-09</subfield>
   <subfield code="o">330 C711</subfield>
   <subfield code="p">MD.17148</subfield>
   <subfield code="r">2020-05-09</subfield>
   <subfield code="w">2020-05-09</subfield>
   <subfield code="y">BK</subfield>
  </datafield>
  <datafield tag="980" ind1=" " ind2=" ">
   <subfield code="a">Thư viện Trường Đại học Nam Cần Thơ</subfield>
  </datafield>
 </record>
</collection>
